| 000 | 00862cab a2200217 4500 | ||
|---|---|---|---|
| 001 | WB2502-09 | ||
| 008 | 090401t1989 xxu||||| |||| 00| 0 eng d | ||
| 035 | _a(Sirsi) u30589 | ||
| 041 | _aeng | ||
| 245 | _aSubcontractor escapes liability for fire damage | ||
| 260 | _c1989 | ||
| 350 | _a0 | ||
| 490 |
_aIndependent _v6/1/89 p12 |
||
| 520 | _aIn Norwich City Council v Harvey and Another , CA 21 December 1988, a subcontractor was held not liable for damage caused by fire as the employer had entered into a contract with the main contractors whereby the employer would be responsible for any loss or damage to the premises. The damage was caused by negligent use of a blowtorch by the subcontractor. | ||
| 650 | _aDUTY OF CARE | ||
| 650 | _aLIABILITY | ||
| 650 | _aSWIMMING POOL | ||
| 690 | _aBUILT ENVIRONMENT | ||
| 942 | _n0 | ||
| 948 | _c04/03/1997 | ||
| 999 |
_c20621 _d20621 |
||